000 00742nab a22002297a 4500
001 08216
003 HDC
007 cr bn ---aaaaa
008 210128c20160404my ||||| |||| 00| 0 may d
040 _aHDC
245 0 _aKonsisten bangunkan usahawan Bumiputera
336 _atext
_2rdacontent
337 _acomputer
_2rdamedia
338 _aonline resource
_2rdacarrier
650 _aFood
_xReligious aspects
_xIslam
_9239
650 _aGovernment aid to small business
_97631
710 _aUtusan Malaysia
856 _zRequest full-text at [email protected]
942 _2lcc
942 _cNEWS
942 _kNWSC 002071
999 _c5539
_d5539